000 00724nam a2200241Ia 4500
003 OSt
005 20220927105640.0
006 a|||||r|||| 00| 0
007 ta
008 220926b |||||||| |||| 00| 0 eng d
020 _a9780857248213
024 _a194043
037 _cReference Collections
040 _aRTL
_cRTL
_beng
041 _2eng
_aeng
082 _a"Yn1,N80, Q1/RR"
100 _aDAHMS Harry F.
_9373921
245 0 _aCURRENT PERSPECTIVES in Social theory Vol 29 DAHMS (Harry F) Ed. Diversity of Social Theories
260 _a"UK,"
_b"Emrald, "
_c2011
300 _a"xvii,235p."
_ccm.
942 _h"Yn1,N80, Q1/RR"
_cCC
999 _c693618
_d693618